| 000 | 00448nam a2200169 a 4500 | ||
|---|---|---|---|
| 005 | 20140310183348.0 | ||
| 008 | 070329s19uu xx 00 eng d | ||
| 020 | _a0440225817 | ||
| 050 |
_aPS 3565.S542 _b.Os82 2000 |
||
| 100 | _aO'Shaughnessy, Perri | ||
| 245 |
_aActs of Malice. _cPerri O'Shaughnessy |
||
| 260 |
_aNew York : _bIsland Book, _c2000. |
||
| 300 |
_a448 p. : _c17 cm. |
||
| 650 | _aFiction. | ||
| 942 |
_cBK _2lcc |
||
| 999 |
_c21993 _d21993 |
||